The effects of age and water fluctuations on the limnological factors of impounded waters /

Bibliographic Details
Corporate Author: Mississippi State University. Water Resources Research Institute
Other Authors: Arner, Dale H. (Dale Howard), 1920-
Format: Book
Language:English
Published: State College, Miss. : Water Resources Research Institute, Mississippi State University, 1971.
Series:Publication (Mississippi State University. Water Resources Research Institute) ; no. 26.
Subjects:

MARC

Tag First Indicator Second Indicator Subfields
LEADER 00000cam a2200000 i 4500
001 in00000995213
005 20150927155306.0
008 781106s1971 msua b s00000 eng d
035 |a (OCoLC)04350892 
035 |9 AEY3013AM 
040 |a LDL  |c LDL  |d TXA  |d UtOrBLW 
049 1 |a TXA2 
090 |a TD224.M7  |b P82 no. 26 
245 0 4 |a The effects of age and water fluctuations on the limnological factors of impounded waters /  |c by Dale H. Arner [and others]. 
264 1 |a State College, Miss. :  |b Water Resources Research Institute, Mississippi State University,  |c 1971. 
300 |a v, 49 leaves :  |b illustrations ;  |c 27 cm. 
336 |a text  |b txt  |2 rdacontent 
337 |a unmediated  |b n  |2 rdamedia 
338 |a volume  |b nc  |2 rdacarrier 
490 1 |a Mississippi. State University. State College, Miss. Water Resources Research Institute. Publication ;  |v no. 26 
500 |a Tables. 
504 |a Bibliography: leaves 32-33. 
650 0 |a Lakes  |x Regulation. 
650 0 |a Freshwater biology. 
650 0 |a Reservoirs. 
650 0 |a Fish populations. 
650 0 |a Limnology  |z Mississippi. 
700 1 |a Arner, Dale H.  |q (Dale Howard),  |d 1920- 
710 2 |a Mississippi State University.  |b Water Resources Research Institute. 
830 0 |a Publication (Mississippi State University. Water Resources Research Institute) ;  |v no. 26. 
999 |a MARS 
999 f f |s e717ce65-b776-3c25-a2a5-097026747126  |i 56cdb6e1-2828-3a49-a3f9-89757aba8534  |t 0 
952 f f |p ric  |a Texas A&M University  |b Rellis Campus  |c Joint Library Facility  |d Remote Storage  |t 0  |e TD224.M7 P82 no.26  |h Library of Congress classification  |i unmediated -- volume  |m A14814319206 
998 f f |a TD224.M7 P82 no.26  |t 0  |l Remote Storage